00647 2200205 4500001002100000005001700021008004100038035002400079082000800103090001400111100002100125245011800146250001200264260003700276300003100313504003000344650003900374852001200413990001600425YOGYA-0512000000098520120531194414.0 ind  0010-051200000000985 a749 a749 Mar D aMARIZAR, Eddy S. aDesigning furniture : teknik merancang mebel kreatif, konsepsi, solusi, inovasi dan implementasi / Eddy S Marizar aCet. 1. aYogyakartabMedia Presindoc2005 aXII, 242 hlm.bilusc21 cm aBibliografi: hlm. 231-239 aFurniture - Desain dan perancanaan aYOPDYOG a882-PD/P.06